00798nam a2200193 a 4500008004100000020001500041050001600056100002000072245012600092260004300218300002400261350000900285500001700294650001000311650003800321995009600359999001700455952013200472120416s1998 ||||||||||||||||| || u a9780290192 aHG 3877 Uma aUma, Idika Kalu10aNigeria's foreign exchange markets Nigeria's foreign exchange markets: management & development : an integrated insight / aIbadan :bSpectrum Books Limitedc1998 axviii, 323p. : ill. a0.00 aBibliography aMONEY aForeign exchange market - Nigeria D0.00FCBU-MAIN LIBRARY (Kitwe)H1I14.95M1UAVAILABLEZMain Library Open Access Collection c52267d52267 00102lcc4070a001b001cMain Library Open Access Collectiond2022-11-30l0oHG 3877 Umap028484r2022-11-30w2022-11-30y002